|
|
|
|
| LEADER |
00000nab a2200000 a 4500 |
| 001 |
vtls008425896 |
| 003 |
SK-MaSNL |
| 005 |
20260303065932.0 |
| 008 |
140716c2005 xo mr|p||| |000 b|slo |
| 015 |
|
|
|a SNBRB2006/1
|
| 038 |
|
|
|a SPK
|
| 040 |
|
|
|a SPKCL
|b slo
|c AACR2 [Bratislava - Slovenská pedagogická knižnica]
|e AACR2
|
| 041 |
0 |
|
|a slo
|
| 044 |
|
|
|a xo
|c SK
|
| 080 |
|
|
|a 159.954:373
|2 1997
|
| 080 |
|
|
|a 373
|2 1997
|
| 100 |
1 |
|
|a Macejová, Iveta
|4 aut
|9 1066658
|
| 245 |
1 |
0 |
|a Škola plná tvorivosti
|b (25 rokov Pedagogickej a sociálnej akadémie v Bratislave)
|c Iveta Macejová
|
| 610 |
2 |
7 |
|a Pedagogická a sociálna akadémia (Bratislava, Slovensko)
|2 spk
|9 849826
|
| 650 |
0 |
7 |
|a kreativita
|2 spk
|9 4339
|
| 650 |
0 |
7 |
|a škola
|2 spk
|9 29975
|
| 773 |
0 |
|
|t Vychovávateľ
|g Roč. LII, č. 5 (2005), s. 29-30
|x 0139-6919
|
| 852 |
|
|
|a SPK
|b KIS3GCP
|
| 999 |
|
|
|c 1753315
|d 1755245
|